| 000 | 006800000a22002050004500 | ||
|---|---|---|---|
| 005 | 20081029122032.0 | ||
| 008 | 081029t xxu||||| |||| 00| 0 eng d | ||
| 010 | _aENG-84341 | ||
| 020 | _a8178792443 | ||
| 020 | _c750.00 (hb) | ||
| 035 | _aEN-67874 | ||
| 082 | _a796.03 / JAI | ||
| 100 | _aJain, Rachna | ||
| 245 |
_aEncyclopaedia of women sports / _cby Rachna Jain |
||
| 260 |
_aNew Delhi _bSports Publication |
||
| 260 | _c2005 | ||
| 300 |
_a442p _c22cm |
||
| 942 |
_2ddc _cEN _h796.03 _mJAI |
||
| 999 |
_c17679 _d17679 |
||